| 000 | 00595nam a2200205 i 4500 | ||
|---|---|---|---|
| 001 | 135532 | ||
| 003 | ES-MaACL | ||
| 005 | 20250814084554.0 | ||
| 007 | t| | ||
| 008 | 070719s1977 sp ||||1| spa d | ||
| 100 | 1 |
_aTorre, Gonzalo de la. _9110739 |
|
| 245 | 1 | 0 |
_aCuatro temas del cine moderno _b: ensayo / _cGonzalo de la Torre. |
| 260 |
_aGranada : _bMulticop, _c1977. |
||
| 300 |
_a124 p. : _bil. ; _c32 cm. |
||
| 490 | 1 |
_aObras completas ; _v22 |
|
| 650 | 0 | 7 |
_aCine _2embne _911010 |
| 830 | 1 |
_aObras completas ; _v22 _9176447 |
|
| 852 |
_aES-MaACL _jA-7978 |
||
| 999 |
_c135532 _d135532 |
||